000 01853nam2a22003011 4500
001 v19\rc\1549151
005 20250618201254.0
035 _a(NLR Aleph) 004690225
090 _a3924731
_c3924731
100 _a20060620d1889 |||y0rusy50 ca
101 0 _arus
102 _aRU
105 _aa z |||||
200 1 _aСказки Густава [!Вильгельма] Гауфа: Караван. История о корабле призраков. История об отрубленной руке. Спасения Фатме. История о маленьком Муке
215 _a126 с., 1 л. фронт. (цв. ил.), 3 л. цв. ил.
461 0 _1001v19\rc\1549148
_12001#$aБеседа в деревне на даче и у домашнего очага для всех возрастов$e[Т. 1-3$v[Т. 3]
_93924695
_cМосква
_d[1889]
_nФ.И. Нейбюргер
_o[Т. 1-3
_p3 т.
_tБеседа в деревне на даче и у домашнего очага для всех возрастов
_v[Т. 3]
464 0 _12001#$aКараван$aИстория о корабле призраков$aИстория об отрубленной руке$aСпасения Фатме$aИстория о маленьком Муке
_1700#1$aХауф$bВ.$f1802-1827$gВильгельм$9z03790
_tИстория о маленьком Муке
_aХауф, Вильгельм (1802-1827)
700 1 _9z02790
_aГауфф
_bВ.
_f1802-1827
_gВильгельм
790 1 _9z02700
_aГауф
_bВ.
_f1802-1827
_gВильгельм
790 1 _9z02700
_aГауф
_bГ.
_f1802-1827
_gГустав[!]
790 1 _9z02700
_aХауф
_bВ.
_f1802-1827
_gВильгельм
801 0 _aRU
_bNLR
_gpsbo
801 0 _aRU
_bRuMoRGB
_2psbo
801 1 _aRU
_bProSoft-M
_2rusmarc
852 _aNLR
_j18.307.7.38
899 _aБАН
942 _cBOOK
980 _aNB